Žiť svoj sen

Rozhovor s majiteľom a zakladateľom obchodnej spoločnosti KINEKUS, najväčším pôvodne slovenským veľkoobchodom a maloobchodom s rozsiahlym portfóliom obchodného tovaru s domácimi potrebami.

Guardado en:
Detalles Bibliográficos
Autor principal: Briestenská, Jana
Otros Autores: Súkeník, Štefan
Formato: Capítulo de libro
Lenguaje:eslovaco
Materias:
Etiquetas: Agregar Etiqueta
Sin Etiquetas, Sea el primero en etiquetar este registro!

MARC

LEADER 00000naa a2200000 4500
001 0209183
005 20230912114538.5
041 0 |a slo 
044 |a SK 
245 1 0 |a Žiť svoj sen  |c Jana Briestenská, Štefan Súkeník 
520 |a Rozhovor s majiteľom a zakladateľom obchodnej spoločnosti KINEKUS, najväčším pôvodne slovenským veľkoobchodom a maloobchodom s rozsiahlym portfóliom obchodného tovaru s domácimi potrebami. 
610 2 0 |a rozhovor 
610 2 0 |a manažéri 
610 2 0 |a spoločnosti obchodné 
610 2 0 |a podnikanie obchodné 
610 2 0 |a prostredie podnikateľské 
610 2 0 |a konkurencia 
610 2 0 |a Slovensko 
100 1 |a Briestenská, Jana 
700 1 |a Súkeník, Štefan